Principles of Insurance/ (Record no. 204800)
[ view plain ]
| 000 -LEADER | |
|---|---|
| fixed length control field | 00755nam a22002057a 4500 |
| 005 - DATE AND TIME OF LATEST TRANSACTION | |
| control field | 20240805112902.0 |
| 010 ## - LCCN (DPL NO) | |
| LC control number | ENG-141180 |
| 020 ## - INTERNATIONAL STANDARD BOOK NUMBER | |
| Terms of availability | 175.00 |
| International Standard Book Number | 9789385506277 |
| 035 ## - SYSTEM CONTROL NUMBER | |
| System control number | EN-124712 |
| 037 ## - SOURCE OF ACQUISITION | |
| Source of stock number/acquisition | DBAD |
| 082 ## - DEWEY DECIMAL CLASSIFICATION NUMBER | |
| Classification number | 368 |
| Edition number | First |
| 100 ## - MAIN ENTRY--PERSONAL NAME | |
| Personal name | D. Chennappa |
| 245 ## - TITLE STATEMENT | |
| Title | Principles of Insurance/ |
| Statement of responsibility, etc | By D. Chennappa; V. Padmavathi [and] V. Jayalakshmi |
| 260 ## - PUBLICATION, DISTRIBUTION, ETC. (IMPRINT) | |
| Place of publication, distribution, etc | Hyderabad |
| Name of publisher, distributor, etc | Professional Books Publisher |
| Date of publication, distribution, etc | 2017 |
| 270 ## - ADDRESS | |
| Address | 3-5-315, Street No.7, Vittalwadi, Narayanguda |
| City | Hyderabad |
| Postal code | 500029 |
| Telephone number | 9642665303 |
| 300 ## - PHYSICAL DESCRIPTION | |
| Extent | 236P; |
| Dimensions | 24cm(Pb) |
| 500 ## - GENERAL NOTE | |
| General note | (For third Semester, B.Com of All Universities in Telangana State w.e.f. 2016-2017) |
| 700 ## - ADDED ENTRY--PERSONAL NAME | |
| 9 (RLIN) | 69414 |
| Personal name | V. Padmavathi [and] V. Jayalakshmi |
| 942 ## - ADDED ENTRY ELEMENTS (KOHA) | |
| Source of classification or shelving scheme | Dewey Decimal Classification |
| Item type | English Books |
| Classification part | 368 |
| Call number suffix | Che |
| Withdrawn status | Lost status | Not for loan | Collection code | Home library | Current library | Date acquired | Source of acquisition | Cost, normal purchase price | Full call number | Barcode | Copy number | Cost, replacement price | Koha item type |
|---|---|---|---|---|---|---|---|---|---|---|---|---|---|
| Non-fiction | Patel Nagar | Patel Nagar | 05/08/2024 | DBAD | 175.00 | 368 CHE | EN-124712 | 1 | 175.00 | English Books |
